Здравствуй, солнце!: стихи и рассказы русских писателей о родной природе

Dettagli Bibliografici
Altri autori: Гакина В. А. (составитель), Лебедев А. (иллюстратор)
Lingua:russo
Pubblicazione: Москва, Детская литература, 1990
Serie:Школьная библиотека
Soggetti:
Natura: MixedMaterials Libro
KOHA link:https://koha.lib.tpu.ru/cgi-bin/koha/opac-detail.pl?biblionumber=156671

MARC

LEADER 00000nam0a2200000 4500
001 156671
005 20231031153318.0
010 |a 5080017481 
035 |a (RuTPU)RU\TPU\book\169917 
090 |a 156671 
100 |a 20090330d1990 c y0rusy50 ca 
101 0 |a rus 
102 |a RU 
105 |a a z 000ay 
200 1 |a Здравствуй, солнце!  |e стихи и рассказы русских писателей о родной природе  |f сост. В. А. Гакина ; худож. А. Лебедев 
210 |a Москва  |c Детская литература  |d 1990 
215 |a 127 с.  |c ил. 
225 1 |a Школьная библиотека  |e для начальной школы 
610 1 |a детская литература 
610 1 |a стихи 
610 1 |a рассказы 
675 |a Р1  |v 3 
702 1 |a Гакина   |b В. А.  |4 220 
702 1 |a Лебедев  |b А.  |4 440 
801 1 |a RU  |b 63413507  |c 20090330  |g PSBO 
801 2 |a RU  |b 63413507  |c 20090330  |g PSBO 
942 |c BK